Paises con más LGTB+ - Estadísticas

Estadísticas generales
  • Esta prueba ha sido intentada 108 veces
  • La puntuación promedio es 10 de 15
Estadísticas de respuestas
Porcentaje (%) País % Correcto
12 Estados Unidos
95%
11 España
94%
10 Argentina
86%
12 Alemania
84%
13 Reino Unido
81%
14 Brasil
80%
10 Colombia
76%
7 México
76%
17 Países Bajos
72%
12 Chile
69%
5 Perú
69%
10 Polonia
44%
15 Tailandia
44%
5 Sudáfrica
43%
9 Turquía
29%
No se encontraron pruebas coincidentes
Distribución de puntuación
Porcentaje de gente con cada puntuación
Porcentaje por número respondido
Historial de tus puntuaciones
No has intentado esta prueba.